Ateneo Enciclopédico Popular : estatutos estatutos
Descripción Física:
36 p. ; 16 cm
Materias:
Ateneu Enciclopèdic Popular -- Estatuts
MARC
| LEADER | 00000nam a2200000Ia 4500 | ||
|---|---|---|---|
| 001 | 19389 | ||
| 003 | BGR | ||
| 005 | 20260324180151.0 | ||
| 008 | 160829s1909 xx 000 0 cat d | ||
| 080 | |a 3402, exp. 3 | ||
| 110 | 2 | |9 70345 |a Ateneu Enciclopèdic Popular | |
| 245 | |a Ateneo Enciclopédico Popular : |b estatutos | ||
| 260 | |a Barcelona : |b Tip. de M. Tasis, |c 1909 | ||
| 300 | |a 36 p. ; |c 16 cm | ||
| 650 | |a Ateneu Enciclopèdic Popular |x Estatuts |9 48390 | ||
| 901 | |a Arxiu | ||
| 942 | |n 1 |2 udc |c MON | ||
| 952 | |0 0 |1 0 |4 0 |6 3402_EXP_3 |7 1 |9 54510 |a Arxiu |b Arxiu |d 2016-12-01 |l 0 |o 3402, exp. 3 |p 19389 |r 2016-12-01 00:00:00 |w 2016-12-01 |y ARXIU | ||
| 999 | |c 58379 |d 58379 | ||